Online katalóg knižníc regiónu Turca

Tajomstvo (Record no. 21983)

MARC details
000 -LEADER
fixed length control field 01477cam a2200433 a 4500
001 - CONTROL NUMBER
control field 21983
003 - CONTROL NUMBER IDENTIFIER
control field VRT
005 - DATE AND TIME OF LATEST TRANSACTION
control field 20260317092022.0
008 - FIXED-LENGTH DATA ELEMENTS--GENERAL INFORMATION
fixed length control field 240226s2003 xo gr 000 f slo
015 ## - NATIONAL BIBLIOGRAPHY NUMBER
National bibliography number SNBA2003/07-02119
020 ## - INTERNATIONAL STANDARD BOOK NUMBER
International Standard Book Number 8055105200
Qualifying information (viazané)
035 ## - SYSTEM CONTROL NUMBER
System control number SNK000409735
035 ## - SYSTEM CONTROL NUMBER
System control number urn:nbn:sk:snk-am3j13l
035 ## - SYSTEM CONTROL NUMBER
System control number 75884559-3BBC-459F-BD61-97F9AFD32913
035 ## - SYSTEM CONTROL NUMBER
System control number urn:nbn:sk:snk-am00ghqe
039 #9 - LEVEL OF BIBLIOGRAPHIC CONTROL AND CODING DETAIL [OBSOLETE]
Level of rules in bibliographic description 202402262036
Level of effort used to assign nonsubject heading access points VLOAD
Level of effort used to assign subject headings 202205091508
Level of effort used to assign classification VLOAD
Level of effort used to assign subject headings 202204221210
Level of effort used to assign classification VLOAD
Level of effort used to assign subject headings 202103031300
Level of effort used to assign classification msnk03
040 ## - CATALOGING SOURCE
Original cataloging agency SNK
Language of cataloging slo
Transcribing agency SNK
Description conventions AACR2
041 1# - LANGUAGE CODE
Language code of text/sound track or separate title slo
Language code of original eng
044 ## - COUNTRY OF PUBLISHING/PRODUCING ENTITY CODE
MARC country code xo
ISO country code SK
072 #7 - SUBJECT CATEGORY CODE
Subject category code 821.111(73)-3
Subject category code subdivision Americká próza
Source konspekt
080 ## - UNIVERSAL DECIMAL CLASSIFICATION NUMBER
Universal Decimal Classification number 821.111(73)-31
Edition identifier 2011
080 ## - UNIVERSAL DECIMAL CLASSIFICATION NUMBER
Universal Decimal Classification number (0:82-312.5)
Edition identifier 2011
100 1# - MAIN ENTRY--PERSONAL NAME
Personal name Garwood, Julie,
Dates associated with a name 1946-
Relationship aut
240 14 - UNIFORM TITLE
Uniform title The Secret
Language of a work Slovensky
245 10 - TITLE STATEMENT
Title Tajomstvo
Statement of responsibility, etc. Julie Garwoodová ; z anglického originálu preložila Marta Pašková
250 ## - EDITION STATEMENT
Edition statement [1. vydanie]
260 ## - PUBLICATION, DISTRIBUTION, ETC.
Place of publication, distribution, etc. Bratislava
Name of publisher, distributor, etc. Ikar
Date of publication, distribution, etc. 2003
300 ## - PHYSICAL DESCRIPTION
Extent 303 strán
Dimensions 21 cm
655 #7 - INDEX TERM--GENRE/FORM
Genre/form data or focus term americké romány
Source of term SNKPH
655 #7 - INDEX TERM--GENRE/FORM
Genre/form data or focus term ľúbostné romány
Source of term SNKPH
700 1# - ADDED ENTRY--PERSONAL NAME
Personal name Pašková, Marta
Relationship trl
910 ## - USER-OPTION DATA (OCLC)
User-option data snk
942 ## - ADDED ENTRY ELEMENTS (KOHA)
Source of classification or shelving scheme Dewey Decimal Classification
Koha item type Krásna literatúra pre dospelých
Suppress in OPAC No
949 ## - LOCAL PROCESSING INFORMATION (OCLC)
6 2889134772
a savukPV 5997
949 ## - LOCAL PROCESSING INFORMATION (OCLC)
6 270001000210649
a svkbbA 107338
b svkbbm 649229
p 649229
949 ## - LOCAL PROCESSING INFORMATION (OCLC)
6 273K0128791
a svkpoA 184585
b svkpo460889
949 ## - LOCAL PROCESSING INFORMATION (OCLC)
6 17A0385324
a snkSC 111807
b snkKSP 6740/2003
s 6100:20210419
949 ## - LOCAL PROCESSING INFORMATION (OCLC)
6 17A0385590
a snkSC 111807 D1
b snkKSP 6983/2003
Holdings
Stav vyradenia Strata Poškodenie Spôsob nadobudnutia Domovská knižnica Aktuálna knižnica Dátum nadobudnutia Total checkouts Čiarový kód exemplára Date last seen Typ exemplára
      Dar Obecná knižnica Horná Štubňa Obecná knižnica Horná Štubňa 20.03.2026   9788055105208 20.03.2026 Krásna literatúra pre dospelých
      Dar Obecná knižnica Turčianska Štiavnička Obecná knižnica Turčianska Štiavnička 17.03.2026   4738000454 17.03.2026 Krásna literatúra pre dospelých
Projekt je podporený Slovenskou asociáciou knižníc
Prevádzkuje Turčianska knižnica Martin 2026